Rocío en formación (Record no. 1422)

MARC details
000 -LEADER
campo de control de longitud fija 00465nam a22001457a 4500
008 - DATOS DE LONGITUD FIJA--INFORMACIÓN GENERAL
campo de control de longitud fija 180421b xxu||||| |||| 00| 0 eng d
020 ## - NÚMERO INTERNACIONAL ESTÁNDAR DEL LIBRO
Número Internacional Estándar del Libro 9789584598759
082 ## - NÚMERO DE LA CLASIFICACIÓN DECIMAL DEWEY
Número de clasificación 708
Número de ítem C957r
100 ## - ENTRADA PRINCIPAL--NOMBRE DE PERSONA
Nombre de persona Tupac Cruz
9 (RLIN) 6232
245 ## - MENCIÓN DEL TÍTULO
Título Rocío en formación
260 ## - PUBLICACIÓN, DISTRIBUCIÓN, ETC.
Lugar de publicación, distribución, etc. Colombia
Nombre del editor, distribuidor, etc. Calipso Press
Fecha de publicación, distribución, etc. 2016
300 ## - DESCRIPCIÓN FÍSICA
Extensión 60
Dimensiones 17.4 cm
505 ## - NOTA DE CONTENIDO CON FORMATO
Título El Reino Rampante
-- Lux Victa
-- Rocío en Formación
650 ## - PUNTO DE ACCESO ADICIONAL DE MATERIA--TÉRMINO DE MATERIA
Fuente del encabezamiento o término Arte contempóraneo
Subdivisión general Texto-arte-conexo
-- Exhibiciones
-- Latinoamérica
9 (RLIN) 6233
Holdings
Estatus retirado Estado de pérdida Fuente del sistema de clasificación o colocación Estado de daño No para préstamo Biblioteca de origen Biblioteca actual Ubicación en estantería Fecha de adquisición Total de préstamos Signatura topográfica completa Código de barras Visto por última vez Precio de reemplazo Tipo de ítem Koha
    Clasificación Decimal Dewey     Biblioteca LadoV Biblioteca LadoV   21/04/2018   708 C957r 004447 21/04/2018 21/04/2018 Material 01